| 000 | 00765nam a2200241 4500 | ||
|---|---|---|---|
| 003 | OSt | ||
| 005 | 20260601193844.0 | ||
| 008 | 260420b2009 xxua|||| |||| 00| 0 eng d | ||
| 020 | _a9781594202339 | ||
| 040 |
_aICI _bspa _cICI |
||
| 050 |
_aNK1520 _bB47 |
||
| 100 |
_aBerger, Warren _931204 |
||
| 245 | 1 |
_aGlimmer _bhow design can transform your life, and maybe even the world _cWarren Berger |
|
| 246 | 3 | _aHow design can transform your life, and maybe even the world | |
| 264 |
_bPenguin _c2009 _a New York |
||
| 300 |
_a342 páginas _bilustraciones |
||
| 336 |
_atexto _2rdacontent |
||
| 337 |
_asin medio _2rdamedia |
||
| 338 |
_avolumen _2rdacarrier |
||
| 650 |
_aDiseño _xAspectos sociales |
||
| 650 |
_aDiseñadores _xPsicología _931206 |
||
| 942 |
_2ddc _cB |
||
| 999 |
_c21578 _d21578 |
||